Statistics for United Nations VETO Members

Click here to take the quiz!

General Stats

  • This quiz has been taken 24 times
  • The average score is 5 of 5

Answer Stats

Name% Correct
French Republic
100%
United Kingdom of Great Britain and Northern Ireland
100%
United States of America
100%
Russian Federation
96%
People's Republic of China
91%

Score Distribution

Percentile by Number Answered

Percent of People with Each Score

Your Score History

You have not taken this quiz